| 000 | 00490nam a2200193Ia 4500 | ||
|---|---|---|---|
| 005 | 20240823021713.0 | ||
| 008 | 240823s9999||||xx |||||||||||||| ||und|| | ||
| 020 | _a1-86508-970-2 | ||
| 041 | _aENGLISH | ||
| 082 | _A333.563 P7 | ||
| 100 | _a"Ionergan,Wayne" | ||
| 245 | 0 | _a"The Valuation of Business,Shares and other Equity" | |
| 250 | _a4th | ||
| 260 |
_c2007 _b"Viva,New " _aNew Delhi |
||
| 500 | _aYES | ||
| 650 |
_aBusiness _bManagement Studies |
||
| 942 | _cBK | ||
| 999 |
_c177568 _d177568 |
||